[Event "Primorsko op"]
[Site "Primorsko"]
[Date "2021.09.15"]
[Round "3"]
[White "Tarhan, Adar"]
[Black "Slavov, Dimitar"]
[Result "1-0"]
[WhiteElo "2121"]
[BlackElo "2202"]
[PlyCount "49"]
[EventDate "2021.09.13"]
[EventType "swiss"]
[EventRounds "9"]
[EventCountry "BUL"]
[SourceTitle "CBM 204 Extra"]
[Source "ChessBase"]
[SourceDate "2021.11.30"]
[SourceVersion "1"]
[SourceVersionDate "2021.11.30"]
[SourceQuality "1"]

1. e4 c6 2. d4 d5 3. e5 Bf5 4. Nf3 e6 5. Be2 h6 6. 0-0 Nd7 7. Be3 Ne7 8. Nc3 a6 9. Re1 c5 10. dxc5 Nc6 11. Na4 Ncxe5 12. Nxe5 Nxe5 13. Nb6 Rb8 14. c4 d4 15. Bxd4 Nc6 16. Bf3 Be7 17. Bxg7 Rg8 18. Bxc6+ bxc6 19. Qf3 Rxb6 20. cxb6 Rxg7 21. Qxc6+ Kf8 22. Rad1 Qb8 23. Qc7 Qxc7 24. bxc7 e5 25. Rd8+ 1-0

[Event "BUL-chT2 64th"]
[Site "Sunny Beach"]
[Date "2015.06.01"]
[Round "2.3"]
[White "Slavov, Dimitar"]
[Black "Asenov, Yordan"]
[Result "1-0"]
[WhiteElo "2215"]
[BlackElo "1990"]
[PlyCount "59"]
[EventDate "2015.05.31"]
[EventType "team-swiss"]
[EventRounds "7"]
[EventCountry "BUL"]
[SourceTitle "CBM 166 Extra"]
[Source "ChessBase"]
[SourceDate "2015.06.18"]
[SourceVersion "1"]
[SourceVersionDate "2015.06.18"]
[SourceQuality "1"]
[WhiteTeam "Pazardzhik"]
[BlackTeam "Slivnitsa Geroy"]
[WhiteTeamCountry "BUL"]
[BlackTeamCountry "BUL"]

1. c4 e5 2. Nc3 Nc6 3. g3 d6 4. Bg2 Be6 5. d3 Qd7 6. a3 g6 7. b4 Bg7 8. Bb2 Nh6 9. Nd5 0-0 10. e3 Nd8 11. Nc3 f5 12. Nge2 f4 13. gxf4 Bh3 14. Bd5+ Kh8 15. Qd2 c6 16. Be4 Bf5 17. 0-0-0 a5 18. fxe5 axb4 19. axb4 dxe5 20. Bxf5 Nxf5 21. Ne4 b6 22. h4 Ne6 23. h5 g5 24. h6 Nxh6 25. Rh5 Ng4 26. Rdh1 Nxf2 27. Rxh7+ Kg8 28. Nxf2 Rxf2 29. Bxe5 Bxe5 30. Rxd7 1-0

[Event "BUL-chT2 64th"]
[Site "Sunny Beach"]
[Date "2015.05.31"]
[Round "1.3"]
[White "Ninov, Dayan"]
[Black "Slavov, Dimitar"]
[Result "0-1"]
[WhiteElo "2142"]
[BlackElo "2215"]
[PlyCount "192"]
[EventDate "2015.05.31"]
[EventType "team-swiss"]
[EventRounds "7"]
[EventCountry "BUL"]
[SourceTitle "CBM 166 Extra"]
[Source "ChessBase"]
[SourceDate "2015.06.18"]
[SourceVersion "1"]
[SourceVersionDate "2015.06.18"]
[SourceQuality "1"]
[WhiteTeam "Vratsa"]
[BlackTeam "Pazardzhik"]
[WhiteTeamCountry "BUL"]
[BlackTeamCountry "BUL"]

1. d4 d5 2. c4 c6 3. Nf3 Nf6 4. e3 Bf5 5. Nc3 e6 6. Nh4 Bg6 7. Nxg6 hxg6 8. g3 Be7 9. Bg2 Nbd7 10. Qe2 a6 11. a4 Bb4 12. Bd2 Nb6 13. b3 Nbd7 14. 0-0 a5 15. cxd5 exd5 16. e4 Bxc3 17. exd5+ Qe7 18. Rfe1 Qxe2 19. Rxe2+ Kd8 20. Bxc3 Nxd5 21. Bd2 N7f6 22. Rc1 Kd7 23. h4 b6 24. Be1 Kd6 25. Rec2 Rac8 26. Bf1 Rc7 27. Bd3 Re8 28. Kf1 Kd7 29. Bc4 Re4 30. Bc3 Kd6 31. Bb2 Nb4 32. Re2 Rxe2 33. Bxe2 Re7 34. Bf3 Ne4 35. Rd1 f5 36. Bc1 Re8 37. Bf4+ Kd7 38. Be5 Nf6 39. Rc1 Rc8 40. Be2 Nbd5 41. Ba6 Re8 42. Bc4 Re7 43. Kg1 Nb4 44. f3 Nfd5 45. Kf2 Nf6 46. Rg1 Nbd5 47. Rd1 Nb4 48. Rg1 Nbd5 49. Rh1 Kd8 50. Re1 Kd7 51. Bf1 Kd8 52. Rc1 Kd7 53. Bh3 Nb4 54. Bf1 Nbd5 55. Rd1 Kd8 56. Bh3 Nd7 57. Re1 Nb4 58. Bf1 Nxe5 59. dxe5 Rd7 60. Bc4 Nd3+ 61. Bxd3 Rxd3 62. Re3 Rd2+ 63. Ke1 Rg2 64. f4 Rb2 65. Kd1 Ke7 66. Kc1 Ra2 67. Rc3 c5 68. Rd3 Rg2 69. Kb1 Kf7 70. Rd7+ Kf8 71. Rd3 Ke7 72. Kc1 Kf8 73. Kd1 Rb2 74. Kc1 Rg2 75. Kb1 Kf7 76. Rd7+ Kf8 77. Rd6 Rxg3 78. Rxb6 Rg4 79. Rb5 c4 80. Rxa5 cxb3 81. Ra8+ Kf7 82. Ra7+ Kf8 83. Ra8+ Kf7 84. a5 Rxf4 85. a6 Rxh4 86. Ra7+ Ke6 87. Rxg7 Kxe5 88. a7 Ra4 89. Kb2 g5 90. Kxb3 Ra6 91. Kc4 g4 92. Kd3 Kf4 93. Ke2 Ra2+ 94. Ke1 Kf3 95. Rb7 Ra1+ 96. Kd2 g3 0-1

[Event "BUL-chT-B 60th"]
[Site "Albena"]
[Date "2010.05.30"]
[Round "5.4"]
[White "Slavov, Dimitar"]
[Black "Gochev, Mladen"]
[Result "0-1"]
[WhiteElo "2227"]
[BlackElo "2229"]
[PlyCount "58"]
[EventDate "2010.05.27"]
[EventType "team-tourn"]
[EventRounds "9"]
[EventCountry "BUL"]
[SourceTitle "CBM 136 Extra"]
[Source "ChessBase"]
[SourceDate "2010.07.02"]
[SourceVersion "2"]
[SourceVersionDate "2010.07.15"]
[SourceQuality "1"]
[WhiteTeam "Pazardzhik"]
[BlackTeam "Dobrich Albena"]
[WhiteTeamCountry "BUL"]
[BlackTeamCountry "BUL"]

1. c4 g6 2. Nc3 Bg7 3. g3 e6 4. Bg2 Ne7 5. Nf3 d5 6. d4 0-0 7. 0-0 Nbc6 8. cxd5 exd5 9. Bf4 Be6 10. h3 h6 11. g4 g5 12. Bh2 f5 13. gxf5 Nxf5 14. e3 Nce7 15. Nb5 Nd6 16. Qb3 Qd7 17. a4 Bxh3 18. Bxh3 Qxh3 19. Nxc7 Qg4+ 20. Bg3 Rxf3 21. Nxd5 Kh8 22. Nxe7 Re8 23. Ng6+ Kh7 24. Qc2 Re4 25. Ne5 Bxe5 26. dxe5 Nf5 27. Rfd1 Rxg3+ 28. fxg3 Qxg3+ 29. Qg2 Qxe3+ 0-1

[Event "BUL-chT-B 60th"]
[Site "Albena"]
[Date "2010.05.28"]
[Round "2.4"]
[White "Slavov, Dimitar"]
[Black "Ivanov, Borislav"]
[Result "1-0"]
[WhiteElo "2227"]
[BlackElo "2173"]
[PlyCount "139"]
[EventDate "2010.05.27"]
[EventType "team-tourn"]
[EventRounds "9"]
[EventCountry "BUL"]
[SourceTitle "CBM 136 Extra"]
[Source "ChessBase"]
[SourceDate "2010.07.02"]
[SourceVersion "2"]
[SourceVersionDate "2010.07.15"]
[SourceQuality "1"]
[WhiteTeam "Pazardzhik"]
[BlackTeam "Blagoevgrad Victory"]
[WhiteTeamCountry "BUL"]
[BlackTeamCountry "BUL"]

1. c4 c6 2. Nc3 d5 3. d4 Nf6 4. Nf3 dxc4 5. a4 Bf5 6. Ne5 Nbd7 7. Nxc4 Qc7 8. g3 e5 9. dxe5 Nxe5 10. Bf4 Nfd7 11. Qd4 f6 12. Bg2 Bc5 13. Qd1 Be6 14. Nxe5 fxe5 15. Bd2 Nf6 16. 0-0 0-0 17. Qc2 Qf7 18. Nd1 Bd4 19. e3 Bb6 20. a5 Bd8 21. Bb4 Re8 22. a6 Nd5 23. axb7 Qxb7 24. Bc5 Bb6 25. Rc1 Rac8 26. Bd6 Bf7 27. Bh3 Be6 28. Bf5 Bxf5 29. Qxf5 Qf7 30. Qxf7+ Kxf7 31. Bc5 Ke6 32. e4 Nf6 33. f3 Red8 34. Ne3 Rd2 35. Rf2 Rd3 36. Re2 Rb8 37. Bxb6 Rxb6 38. Kf2 Ne8 39. Nc4 Ra6 40. Re3 Rxe3 41. Kxe3 Nd6 42. f4 Nxc4+ 43. Rxc4 Rb6 44. b4 g6 45. Kd3 Kd6 46. fxe5+ Kxe5 47. Rc5+ Kd6 48. Kc4 Rb7 49. Ra5 Re7 50. Kd4 Rb7 51. Kc4 Re7 52. Kd3 Rb7 53. Kc4 Re7 54. Kd4 Rb7 55. e5+ Ke6 56. Kc4 Rf7 57. Kd4 h5 58. Ra6 Rc7 59. b5 Kd7 60. bxc6+ Rxc6 61. Rxa7+ Ke6 62. Rg7 Kf5 63. Rf7+ Kg4 64. Rf6 Rc1 65. Rxg6+ Kh3 66. e6 Kxh2 67. Ke5 Kh3 68. e7 h4 69. gxh4 Kxh4 70. Re6 1-0

[Event "BUL-chT2 58th"]
[Site "Borovetz"]
[Date "2008.10.06"]
[Round "6.3"]
[White "Slavov, Dimitar"]
[Black "Vutov, M Mario"]
[Result "1/2-1/2"]
[WhiteElo "2251"]
[BlackElo "2249"]
[PlyCount "105"]
[EventDate "2008.10.01"]
[EventType "team-swiss"]
[EventRounds "7"]
[EventCountry "BUL"]
[SourceTitle "CBM 126 Extra"]
[Source "ChessBase"]
[SourceDate "2008.11.05"]
[SourceVersion "1"]
[SourceVersionDate "2008.11.05"]
[SourceQuality "1"]

1. c4 c5 2. Nc3 Nc6 3. g3 g6 4. Bg2 Bg7 5. e3 d6 6. h3 e5 7. Nge2 Nge7 8. 0-0 0-0 9. Kh2 Rb8 10. b3 a6 11. Bb2 b5 12. d3 Be6 13. Nd5 f5 14. Qd2 Bf7 15. Nec3 Nxd5 16. Nxd5 Ne7 17. f4 Nxd5 18. cxd5 Qe7 19. e4 fxe4 20. dxe4 Be8 21. fxe5 Bxe5 22. Rxf8+ Kxf8 23. Bxe5 Qxe5 24. Qf4+ Qxf4 25. gxf4 Ke7 26. Kg3 Bd7 27. Bf3 Kf6 28. Re1 Re8 29. Bg4 Bxg4 30. Kxg4 Re7 31. h4 Re8 32. Kf3 Re7 33. Ke3 a5 34. Kd3 Re8 35. Rg1 Re7 36. Rg5 Re8 37. Rg1 Re7 38. Re1 Re8 39. a3 Re7 40. b4 axb4 41. axb4 Ra7 42. e5+ Ke7 43. bxc5 dxc5 44. Rb1 Ra3+ 45. Ke4 Ra4+ 46. Ke3 Ra3+ 47. Kd2 Ra2+ 48. Kc1 b4 49. Rb3 Ra1+ 50. Kb2 Rd1 51. d6+ Ke6 52. Kc2 Rd4 53. Rd3 1/2-1/2

[Event "BUL-chT2 58th"]
[Site "Borovetz"]
[Date "2008.10.02"]
[Round "2.2"]
[White "Dimitrov, Atanas Valtchev"]
[Black "Slavov, Dimitar"]
[Result "0-1"]
[WhiteElo "2329"]
[BlackElo "2251"]
[PlyCount "116"]
[EventDate "2008.10.01"]
[EventType "team-swiss"]
[EventRounds "7"]
[EventCountry "BUL"]
[SourceTitle "CBM 126 Extra"]
[Source "ChessBase"]
[SourceDate "2008.11.05"]
[SourceVersion "1"]
[SourceVersionDate "2008.11.05"]
[SourceQuality "1"]

1. c4 c6 2. d4 d5 3. Nc3 Nf6 4. Nf3 a6 5. a4 e6 6. g3 Be7 7. Bg2 0-0 8. 0-0 a5 9. Qd3 b6 10. b3 Na6 11. Rd1 Nb4 12. Qb1 Ba6 13. Ne5 Nd7 14. Bb2 Qc7 15. cxd5 cxd5 16. e4 Nxe5 17. dxe5 d4 18. Rxd4 Rfd8 19. Nd5 exd5 20. exd5 Qc5 21. Qd1 Qc2 22. d6 Bg5 23. Bxa8 Rxa8 24. Bc1 Bd8 25. Qf3 Qc6 26. Qxc6 Nxc6 27. Re4 Bd3 28. Re3 Nb4 29. Ba3 Bf5 30. Bxb4 axb4 31. Rc1 Be6 32. Rd3 Kf8 33. Kg2 Ke8 34. f4 Kd7 35. Kf3 h5 36. Ke3 Ra5 37. Kf3 g6 38. Ke3 f6 39. exf6 Rc5 40. Rxc5 bxc5 41. f7 Bxf7 42. Ke4 Bf6 43. a5 Bd4 44. a6 Kxd6 45. Rxd4+ cxd4 46. a7 Bd5+ 47. Kxd4 Bc6 48. h3 Kc7 49. g4 Kb7 50. Kc5 Bd7 51. gxh5 gxh5 52. h4 Kxa7 53. Kxb4 Kb6 54. Kc4 Kc6 55. Kd4 Kd6 56. b4 Ke6 57. Kc5 Kf5 58. b5 Kxf4 0-1

[Event "BUL-chT2 58th"]
[Site "Borovetz"]
[Date "2008.10.01"]
[Round "1.5"]
[White "Slavov, Dimitar"]
[Black "Mladenov, Emil"]
[Result "1-0"]
[WhiteElo "2251"]
[BlackElo "2117"]
[PlyCount "109"]
[EventDate "2008.10.01"]
[EventType "team-swiss"]
[EventRounds "7"]
[EventCountry "BUL"]
[SourceTitle "CBM 126 Extra"]
[Source "ChessBase"]
[SourceDate "2008.11.05"]
[SourceVersion "1"]
[SourceVersionDate "2008.11.05"]
[SourceQuality "1"]

1. c4 e5 2. Nc3 g6 3. g3 Bg7 4. Bg2 Ne7 5. e3 0-0 6. Nge2 Nbc6 7. d4 d6 8. h3 a5 9. 0-0 Nf5 10. d5 Nce7 11. e4 Nh6 12. Be3 f5 13. Qd2 Nf7 14. f3 b6 15. Nb5 h6 16. h4 fxe4 17. fxe4 Bg4 18. Rf2 Rc8 19. b3 Kh7 20. Raf1 Qe8 21. Kh2 Ng8 22. Ng1 Qe7 23. Bh3 Bxh3 24. Nxh3 Nf6 25. Rxf6 Bxf6 26. Na7 Bg7 27. Nxc8 Rxc8 28. Qe2 Rf8 29. Qg4 Nd8 30. Rxf8 Qxf8 31. Kg2 Qe7 32. a3 Nf7 33. b4 axb4 34. axb4 Bf6 35. h5 gxh5 36. Qxh5 Kg7 37. Qf5 Bg5 38. Nxg5 hxg5 39. Qe6 Qd8 40. Qf5 Qe7 41. Kf3 Qd8 42. c5 bxc5 43. bxc5 dxc5 44. Bxc5 Qb8 45. Be7 Qb6 46. Bxg5 Qb3+ 47. Kg2 Qa2+ 48. Kh3 Qa6 49. Kh4 c5 50. Be7 Qh6+ 51. Kg4 c4 52. d6 c3 53. d7 c2 54. d8Q Nxd8 55. Bf8+ 1-0

[Event "BUL-chT"]
[Site "Plovdiv"]
[Date "2003.11.08"]
[Round "5"]
[White "Slavov, Dimitar"]
[Black "Bochev, Krasimir"]
[Result "1-0"]
[WhiteElo "2280"]
[BlackElo "2183"]
[PlyCount "76"]
[EventDate "2003.11.??"]
[EventType "team"]
[EventRounds "9"]
[EventCountry "BUL"]
[SourceTitle "CBM 097 Extra"]
[Source "ChessBase"]
[SourceDate "2004.01.13"]
[SourceVersion "1"]
[SourceVersionDate "2004.01.13"]
[SourceQuality "1"]

1. c4 g6 2. Nc3 Bg7 3. g3 c5 4. Bg2 Nc6 5. e4 Nf6 6. Nge2 0-0 7. 0-0 d6 8. h3 Ne8 9. f4 Bd7 10. d3 Rb8 11. a4 f5 12. Be3 Nd4 13. exf5 gxf5 14. Rb1 Bc6 15. b4 Bxg2 16. Kxg2 Nc7 17. Bxd4 cxd4 18. Nb5 Nxb5 19. axb5 b6 20. Ng1 e6 21. Re1 Qd7 22. Qf3 Rfe8 23. Qc6 Qe7 24. Re2 Rbc8 25. Qf3 Rc7 26. Rbe1 Qf7 27. g4 Kh8 28. gxf5 Qxf5 29. Qe4 Qh5 30. Kh2 Rf7 31. Rf1 Rf5 32. Nf3 e5 33. Nxd4 Rff8 34. Qf3 Qh4 35. Nc6 Rxf4 36. Qxf4 exf4 37. Rxe8+ Bf8 38. Rxf8+ Kg7 1-0

[Event "BUL-chT"]
[Site "Plovdiv"]
[Date "2003.11.05"]
[Round "1"]
[White "Lalev, Dimitar"]
[Black "Slavov, Dimitar"]
[Result "1-0"]
[WhiteElo "2412"]
[BlackElo "2280"]
[PlyCount "47"]
[EventDate "2003.11.??"]
[EventType "team"]
[EventRounds "9"]
[EventCountry "BUL"]
[SourceTitle "CBM 097 Extra"]
[Source "ChessBase"]
[SourceDate "2004.01.13"]
[SourceVersion "1"]
[SourceVersionDate "2004.01.13"]
[SourceQuality "1"]

1. d4 d5 2. c4 c6 3. e3 Bf5 4. cxd5 Bxb1 5. Rxb1 Qxd5 6. Bd2 Nf6 7. Nf3 Ne4 8. Bd3 Nd7 9. 0-0 Nxd2 10. Qxd2 e5 11. Qc2 Be7 12. Bc4 Qd6 13. Rfd1 b5 14. dxe5 Qc5 15. Bxf7+ Kxf7 16. Qf5+ Nf6 17. Ng5+ Ke8 18. Rbc1 Qb6 19. exf6 gxf6 20. Qe6 fxg5 21. Rd7 Qd8 22. Rxd8+ Kxd8 23. Rd1+ Ke8 24. Rd7 1-0

[Event "BUL-chT"]
[Site "Bankia"]
[Date "1991.??.??"]
[Round "2"]
[White "Dobrev, Nanko"]
[Black "Slavov, Dimitar"]
[Result "1-0"]
[WhiteElo "2395"]
[BlackElo "2265"]
[PlyCount "127"]
[EventDate "1991.??.??"]
[EventType "team"]
[EventRounds "8"]
[EventCountry "BUL"]
[SourceTitle "EXT 1998"]
[Source "ChessBase"]
[SourceDate "1997.11.17"]
[SourceVersion "1"]
[SourceVersionDate "1997.11.17"]
[SourceQuality "1"]

1. d4 d5 2. c4 Bf5 3. Nc3 e6 4. Nf3 c6 5. cxd5 exd5 6. Bg5 Be7 7. Bxe7 Qxe7 8. e3 Nf6 9. Bd3 Bxd3 10. Qxd3 Nbd7 11. 0-0 Ne4 12. b4 0-0 13. a4 a5 14. b5 Nxc3 15. bxc6 Nxa4 16. cxb7 Ra7 17. Rxa4 Nb6 18. Qb5 Rxb7 19. Raa1 a4 20. Ne5 Rfb8 21. Rfc1 g6 22. h3 Kg7 23. Nd3 Qd7 24. Qb4 Ra8 25. Nc5 Qd6 26. Rcb1 Rbb8 27. Nxa4 Qc7 28. Qc5 Qxc5 29. Nxc5 Rxa1 30. Rxa1 Nc4 31. Nd3 g5 32. Ra2 Rb3 33. Nc5 Rb1+ 34. Kh2 h5 35. h4 gxh4 36. Nd3 Rd1 37. Nf4 Kh6 38. Nxd5 Nd2 39. Ra6+ Kg5 40. Ra5 f5 41. Ra6 h3 42. Nf4 Kh4 43. Ng6+ Kg5 44. Ne5 f4 45. Nf7+ Kf5 46. Nd6+ Kg4 47. f3+ Kg5 48. Ra5+ Kg6 49. exf4 hxg2 50. Kxg2 h4 51. Rg5+ Kf6 52. Ne4+ Ke7 53. Re5+ Kf8 54. Ng5 Nc4 55. Kh3 Nxe5 56. dxe5 Rh1+ 57. Kg4 Kg7 58. f5 Kh6 59. f4 Kg7 60. f6+ Kg6 61. f5+ Kh6 62. f7 Rg1+ 63. Kxh4 Kg7 64. e6 1-0

[Event "BUL-ch 22nd"]
[Site "Pazardzik"]
[Date "1991.??.??"]
[Round "4"]
[White "Stavrev, Nikolai"]
[Black "Slavov, Dimitar"]
[Result "1/2-1/2"]
[WhiteElo "2265"]
[BlackElo "2265"]
[PlyCount "62"]
[EventDate "1991.??.??"]
[EventType "swiss"]
[EventRounds "10"]
[EventCountry "BUL"]
[SourceTitle "TD"]
[Source "ChessBase"]
[SourceDate "1994.03.01"]
[SourceVersion "1"]
[SourceVersionDate "1994.03.01"]
[SourceQuality "1"]

1. e4 c6 2. d4 d5 3. e5 Bf5 4. Nc3 e6 5. g4 Bg6 6. Nge2 f6 7. h4 Nd7 8. f4 h5 9. f5 Bf7 10. Nf4 fxe5 11. dxe5 Nxe5 12. fxe6 Bg6 13. Nxg6 Nxg6 14. gxh5 Ne5 15. Qe2 Qf6 16. Bg2 Nc4 17. Nxd5 cxd5 18. Bxd5 Bb4+ 19. c3 Bxc3+ 20. bxc3 Qxc3+ 21. Kf1 Ne7 22. Bxc4 0-0+ 23. Kg2 Rac8 24. Bg5 Rxc4 25. Rac1 Rg4+ 26. Qxg4 Qb2+ 27. Kh3 Qa3+ 28. Kg2 Qxa2+ 29. Kh3 Qb3+ 30. Kg2 Qb2+ 31. Kh3 Qa3+ 1/2-1/2